000 00656nam a22002057a 4500
003 UA-OsUOA
001 87494
007 ta
008 20120919b un ||||| |||| 00| 0 ukr d
090 _a82 - 94
_bС 65
942 _cBK
040 _aUA-OsUOA
_brus
_cUA-OsUOA
_dUA-OsUOA
245 _aСороковые годы ХІХ века: В мемуарах современников, документах эпохи и художественных произведениях
300 _a425 с.
955 _a1
041 _arus
080 _a82 - 94
650 7 _a82 Література. Літературознавство
_2UDC
999 _c373823
_d373823